[Event "ICS rated blitz match"]
[Site "204.178.125.65"]
[Date "2000.09.20"]
[Round "?"]
[White "Powerslave"]
[Black "Hossa"]
[Result "1-0"]
[WhiteElo "2801"]
[BlackElo "2584"]
[PlyCount "137"]
[EventDate "2000.??.??"]

1. Nf3 Nf6 2. c4 e6 3. d4 d5 4. Nc3 c6 5. e3 Nbd7 6. Qc2 c5 7. cxd5 Nxd5 8.
Nxd5 exd5 9. dxc5 Nxc5 10. Bb5+ Bd7 11. Bxd7+ Nxd7 12. Bd2 Bd6 13. Qd3 Nf6 14.
Bc3 O-O 15. Rd1 Qe7 16. O-O Rfd8 17. Bxf6 Qxf6 18. Qb3 Qe6 19. Qxb7 Rab8 20.
Qxa7 Ra8 21. Qd4 Rxa2 22. Ra1 Rda8 23. Rxa2 Rxa2 24. Qc3 Qe4 25. Qc8+ Bf8 26.
b3 Qc2 27. Qxc2 Rxc2 28. Rb1 h6 29. Nd4 Rc7 30. Kf1 Bb4 31. Ra1 Kh7 32. Ke2 g6
33. Ra8 Be7 34. Rb8 Kg7 35. Kd3 Bf6 36. Rb5 Rc1 37. Rxd5 Rg1 38. g3 Rg2 39. Ke2
Rxh2 40. b4 Rh1 41. b5 Rb1 42. Kd3 Rb2 43. Kc3 Rxf2 44. b6 Rf1 45. Kc2 Rf2+ 46.
Kc1 Rf1+ 47. Kb2 Rf2+ 48. Ka3 Be7+ 49. Kb3 Rf1 50. Kc2 Rf2+ 51. Kc3 Rf6 52. b7
Rb6 53. Rb5 Rxb5 54. Nxb5 Bf6+ 55. Kc4 Be5 56. Kd5 Bb8 57. Kc6 f5 58. Kd7 h5
59. Kc8 Bxg3 60. Nc7 Bf2 61. b8=Q Bxe3 62. Qb2+ Kh7 63. Qf6 Bh6 64. Qf7+ Kh8
65. Ne6 g5 66. Qg6 Bf8 67. Qf6+ Kg8 68. Qxf8+ Kh7 69. Qg7# {Hossa checkmated}
1-0

[Event "ICS Rated standard match"]
[Site "204.178.125.65"]
[Date "2000.09.20"]
[Round "?"]
[White "chuda"]
[Black "Hossa"]
[Result "0-1"]
[WhiteElo "2084"]
[BlackElo "2387"]
[PlyCount "90"]
[EventDate "2000.??.??"]

1. e4 c5 2. Nf3 e6 3. d4 cxd4 4. Nxd4 Nc6 5. Nc3 Qc7 6. Ndb5 Qb8 7. Be3 a6 8.
Nd4 Nf6 9. Be2 Bb4 10. Nxc6 bxc6 11. O-O O-O 12. Na4 Nxe4 13. Nb6 d5 14. Nxa8
Qxa8 15. c3 Bd6 16. f3 Nc5 17. b4 Nd7 18. Qa4 Bb7 19. c4 Qd8 20. f4 Qe7 21. c5
Bc7 22. Bd3 e5 23. Rae1 e4 24. Be2 Rb8 25. Qa3 Nf8 26. Rd1 Ng6 27. g3 Qd7 28.
f5 Ne5 29. f6 g6 30. Qc3 Qh3 31. Bf4 Re8 32. a4 Bc8 33. b5 Nf3+ 34. Bxf3 exf3
35. Qxf3 Bg4 36. Qd3 Re2 37. Rf2 Rxf2 38. Kxf2 Qxh2+ 39. Ke1 Bxf4 40. gxf4 Qg1+
41. Kd2 Qxd1+ 42. Kc3 Qa1+ 43. Kd2 Qb2+ 44. Ke3 d4+ 45. Qxd4 Qe2# {
chuda checkmated} 0-1

[Event "ICS rated standard match"]
[Site "204.178.125.65"]
[Date "2000.09.20"]
[Round "?"]
[White "Hossa"]
[Black "chuda"]
[Result "0-1"]
[WhiteElo "2392"]
[BlackElo "2079"]
[PlyCount "108"]
[EventDate "2000.??.??"]

1. e4 d5 2. Nc3 d4 3. Nce2 c5 4. Nf3 Nc6 5. Ng3 e5 6. Bc4 Bd6 7. O-O Nf6 8. d3
h6 9. Nh4 O-O 10. Ng6 Re8 11. f4 Bg4 12. Qe1 Nd7 13. fxe5 Ndxe5 14. Nxe5 Nxe5
15. Bb5 Re7 16. Nf5 Bxf5 17. Rxf5 Qc7 18. Qe2 Qa5 19. a4 a6 20. Rxe5 Bxe5 21.
Bc4 b5 22. Bd5 Rd8 23. Ba2 Qc7 24. Qh5 c4 25. axb5 axb5 26. Bd2 Ra8 27. dxc4
bxc4 28. Bb4 Rd7 29. g3 d3 30. c3 Bd6 31. Qd1 Bxb4 32. cxb4 Qb6+ 33. Kh1 Rda7
34. Rc1 Rxa2 35. Rxc4 Qe3 36. Kg2 Rxb2+ 37. Kh3 Qe2 38. Qxe2 dxe2 39. Rc1 Rd2
40. Re1 Ra1 41. Rxa1 Rd1 42. Ra8+ Kh7 43. Rf8 f6 44. b5 e1=Q 45. Rf7 Qxe4 46.
Re7 Qxe7 47. Kh4 Qe6 48. g4 Rd3 49. b6 h5 50. h3 Rxh3+ 51. Kxh3 Qxg4+ 52. Kh2
h4 53. Kh1 h3 54. Kh2 Qg2# {Hossa checkmated} 0-1

[Event "ICS Rated blitz match"]
[Site "204.178.125.65"]
[Date "2000.09.20"]
[Round "?"]
[White "Hossa"]
[Black "Motoman"]
[Result "1-0"]
[WhiteElo "2577"]
[BlackElo "2016"]
[PlyCount "67"]
[EventDate "2000.??.??"]

1. Nf3 f5 2. d4 g6 3. d5 c6 4. Nc3 Nf6 5. e3 Qa5 6. dxc6 bxc6 7. Bd2 Qb6 8. Na4
Qc7 9. Bc3 Bg7 10. b3 d6 11. Bc4 Nbd7 12. Ng5 d5 13. Ne6 Qd6 14. Nxg7+ Kf7 15.
Nxf5 gxf5 16. Bd3 Ne5 17. Be2 Rg8 18. O-O Neg4 19. g3 e5 20. Ba5 h5 21. h3 h4
22. hxg4 hxg3 23. fxg3 e4 24. Be1 Rg5 25. c4 Be6 26. Qd4 Rag8 27. cxd5 Bxd5 28.
Qxa7+ Kg6 29. gxf5+ Kh6 30. Rf4 Rxg3+ 31. Bxg3 Rxg3+ 32. Kf2 Qxf4+ 33. exf4 e3+
34. Kxg3 {Motoman resigns} 1-0

[Event "ICS rated blitz match"]
[Site "204.178.125.65"]
[Date "2000.09.20"]
[Round "?"]
[White "Hossa"]
[Black "StrongBach"]
[Result "1-0"]
[WhiteElo "2578"]
[BlackElo "1664"]
[PlyCount "87"]
[EventDate "2000.??.??"]

1. e4 d5 2. exd5 Qxd5 3. Nc3 Qf5 4. Nf3 h6 5. Nb5 Na6 6. Bd3 Qd5 7. Nc3 Qe6+ 8.
Be2 Bd7 9. d4 O-O-O 10. Ne5 Nb4 11. a3 Nd5 12. Ne4 Qf5 13. Bd3 Qe6 14. Nc5 Qd6
15. Nxf7 Qf6 16. Nxh8 Qxd4 17. Nxd7 Rxd7 18. Ng6 Qf6 19. c4 Nb6 20. c5 Nc4 21.
Nxf8 Qxf8 22. Qc2 Ne5 23. Bf5 Kd8 24. Bxd7 Kxd7 25. Qb3 e6 26. Be3 Qb8 27. Qc3
Nf7 28. c6+ bxc6 29. Qxg7 Qe8 30. O-O-O+ Kc8 31. Bxa7 Kb7 32. Bc5 Ne7 33. Rd7
Qxd7 34. Qxf7 Qd5 35. Bxe7 Qc4+ 36. Kb1 Qe4+ 37. Ka1 Qxg2 38. Rc1 Qxh2 39. Qxe6
Qxf2 40. Qxc6+ Kb8 41. Qxc7+ Ka8 42. Bc5 Qxc5 43. Rxc5 h5 44. Ra5# {
StrongBach checkmated} 1-0

[Event "ICS rated blitz match"]
[Site "204.178.125.65"]
[Date "2000.09.20"]
[Round "?"]
[White "Valg"]
[Black "Hossa"]
[Result "1-0"]
[WhiteElo "2396"]
[BlackElo "2578"]
[PlyCount "161"]
[EventDate "2000.??.??"]

1. d4 d5 2. c4 e6 3. Nc3 Nf6 4. Bg5 Be7 5. e3 O-O 6. Nf3 Nbd7 7. Rc1 c6 8. Bd3
dxc4 9. Bxc4 Nd5 10. Bxe7 Qxe7 11. O-O Nxc3 12. Rxc3 e5 13. dxe5 Nxe5 14. Nxe5
Qxe5 15. f4 Qe4 16. Bb3 Re8 17. Re1 Be6 18. Bxe6 Qxe6 19. Qb3 Qe7 20. Rd3 Rad8
21. Red1 Rxd3 22. Rxd3 g6 23. Qc4 a6 24. a3 h5 25. h3 g5 26. Kh2 g4 27. Kg3
gxh3 28. Kxh3 Qf6 29. b4 Qa1 30. Kh2 Qf1 31. Qd4 Qe1 32. Qf6 h4 33. Qg5+ Kf8
34. f5 b6 35. f6 Qg3+ 36. Qxg3 hxg3+ 37. Kxg3 a5 38. bxa5 bxa5 39. Kf4 Kg8 40.
e4 Rc8 41. e5 c5 42. Ke4 c4 43. Rc3 Kh7 44. Kd4 Kg6 45. Rxc4 Rd8+ 46. Ke4 Rh8
47. g3 Ra8 48. Rc5 a4 49. Rc4 Kg5 50. Rc7 Kg6 51. g4 Ra6 52. Rc8 Kh7 53. Rd8
Rc6 54. Rd4 Ra6 55. Rd6 Ra8 56. Kf5 Rc8 57. Rd4 Rc3 58. Rxa4 Rf3+ 59. Kg5 Re3
60. Ra5 Re2 61. a4 Re1 62. Rd5 Re2 63. a5 Rb2 64. Rd7 Kg8 65. Rd8+ Kh7 66. e6
Rb5+ 67. Kh4 Kg6 68. e7 Rb1 69. e8=Q Rh1+ 70. Kg3 Rg1+ 71. Kf2 Rxg4 72. Qg8+
Kf5 73. Rd5+ Ke6 74. Qxg4+ Kxd5 75. Qd7+ Kc4 76. Qxf7+ Kb4 77. Qb7+ Kc3 78. f7
Kc4 79. f8=Q Kd3 80. Qc5 Kd2 81. Qbd5# {Hossa checkmated} 1-0

[Event "ICS rated blitz match"]
[Site "204.178.125.65"]
[Date "2000.09.20"]
[Round "?"]
[White "Hossa"]
[Black "Valg"]
[Result "1/2-1/2"]
[WhiteElo "2554"]
[BlackElo "2420"]
[PlyCount "284"]
[EventDate "2000.??.??"]

1. c4 Nf6 2. Nc3 g6 3. d4 Bg7 4. e4 d6 5. Nf3 O-O 6. Be2 e5 7. O-O Nc6 8. d5
Ne7 9. Bg5 Nh5 10. Qb3 Nf4 11. Bd1 h6 12. Bxf4 exf4 13. Qc2 f5 14. Nd2 Bd7 15.
Re1 Qe8 16. exf5 Bxf5 17. Qb3 Rb8 18. Nb5 Qd7 19. Nxa7 c6 20. Bf3 Bd4 21. c5
Kh8 22. cxd6 Qxd6 23. Qa4 Bxb2 24. Nc4 b5 25. Nxd6 bxa4 26. Rad1 Nxd5 27. Nxc6
Nc3 28. Nxb8 Nxd1 29. Bxd1 Rxb8 30. Nxf5 Bc3 31. Re6 Rb1 32. Rd6 gxf5 33. Rxh6+
Kg7 34. Rd6 Ra1 35. Kf1 a3 36. Rd3 Be5 37. Ke2 Rxa2+ 38. Kf3 Ra1 39. Bb3 Rh1
40. Bc4 Rxh2 41. Rxa3 Kg6 42. Ra5 Kf6 43. Ra8 Bd6 44. Rd8 Ke7 45. Rg8 Kf6 46.
Re8 Bc5 47. Bd5 Rh4 48. Rd8 Kg5 49. Rg8+ Kf6 50. Rc8 Bd6 51. Rc2 Be5 52. Rc1
Kg5 53. Re1 Bd4 54. Rd1 Bb2 55. Rb1 Be5 56. Rb7 Rh2 57. Rd7 Bc3 58. Rc7 Be5 59.
Re7 Bc3 60. Rf7 Be5 61. Be6 Bf6 62. Rc7 Be5 63. Rc5 Kf6 64. Bd5 Rh1 65. Rc8 Ra1
66. Rf8+ Kg6 67. Rg8+ Kf6 68. Re8 Ra3+ 69. Ke2 Bd4 70. Rh8 Ra5 71. Rh6+ Kg5 72.
Rd6 Rb5 73. Bb3 Bxf2 74. Bf7 Be3 75. Rg6+ Kh4 76. g3+ fxg3 77. Kxe3 Ra5 78. Bb3
Ra1 79. Bd5 Ra4 80. Bf3 f4+ 81. Kd3 Rb4 82. Rg7 Ra4 83. Rg8 Rb4 84. Ke2 Ra4 85.
Bc6 Ra3 86. Bd5 Re3+ 87. Kd2 Kh3 88. Rg5 Re8 89. Bf3 Rd8+ 90. Ke1 Rh8 91. Kf1
Rh4 92. Kg1 Rh8 93. Rf5 Rh4 94. Rf8 g2 95. Rg8 Rh6 96. Bxg2+ Kh4 97. Be4 Rb6
98. Kf2 Rb3 99. Bf5 Kh5 100. Rg7 Rc3 101. Be4 Ra3 102. Bd5 Rd3 103. Bf3+ Kh6
104. Rg8 Rd2+ 105. Kg1 Rc2 106. Kf1 Kh7 107. Rf8 Rc4 108. Rf7+ Kg6 109. Bd5
Rc1+ 110. Kf2 Kg5 111. Rf8 Rc2+ 112. Kf3 Rc3+ 113. Ke4 Re3+ 114. Kd4 Kg4 115.
Be4 Kg5 116. Rg8+ Kh4 117. Bd5 Re7 118. Kd3 Re5 119. Bc4 f3 120. Kd4 Re7 121.
Rg6 Kh5 122. Rf6 Rd7+ 123. Ke3 Kg5 124. Rb6 Rc7 125. Be6 Rc3+ 126. Kf2 Rd3 127.
Rb5+ Kf4 128. Rf5+ Ke4 129. Rf8 Rd2+ 130. Ke1 Re2+ 131. Kf1 Re3 132. Bf5+ Kf4
133. Bc8+ Kg3 134. Rg8+ Kf4 135. Rg4+ Ke5 136. Ba6 Ra3 137. Bc4 Kf5 138. Rg7
Kf6 139. Rf7+ Kg5 140. Bd5 Ra4 141. Rxf3 Rf4 142. Rxf4 Kxf4 {
Game drawn because neither player has mating material} 1/2-1/2

[Event "ICS rated blitz match"]
[Site "204.178.125.65"]
[Date "2000.09.20"]
[Round "?"]
[White "Hossa"]
[Black "Valg"]
[Result "1-0"]
[WhiteElo "2548"]
[BlackElo "2430"]
[PlyCount "92"]
[EventDate "2000.??.??"]

1. e4 e5 2. Nf3 Nc6 3. Nc3 g6 4. d4 exd4 5. Nxd4 Bg7 6. Be3 Nge7 7. Bc4 O-O 8.
O-O Ne5 9. Bb3 d6 10. Bg5 h6 11. Bh4 Qe8 12. Ndb5 Rb8 13. Nxc7 Qd8 14. N7b5
N5c6 15. Nxd6 Be6 16. Bg3 Bxb3 17. axb3 Nc8 18. Nc4 Ra8 19. Qg4 Bxc3 20. bxc3
Qg5 21. Qd7 Qe7 22. Qd3 Re8 23. Rfe1 a6 24. Rad1 b5 25. Qd5 Qf6 26. Ne5 N8e7
27. Qc5 Rad8 28. Nd7 Qe6 29. Rd6 Qxd7 30. Rxd7 Rxd7 31. Qb6 Rd2 32. Rc1 Ra8 33.
Bf4 Re2 34. Be3 Rd8 35. h4 Ra8 36. Qb7 Rb8 37. Qxa6 Kg7 38. Bf4 Rg8 39. f3 g5
40. hxg5 hxg5 41. Bxg5 Rd8 42. Qxb5 f6 43. Bxf6+ Kxf6 44. Qxe2 Ke5 45. g3 Kf6
46. f4 Rh8 {Valg resigns} 1-0

[Event "ICS rated blitz match"]
[Site "204.178.125.65"]
[Date "2000.09.20"]
[Round "?"]
[White "Valg"]
[Black "Hossa"]
[Result "0-1"]
[WhiteElo "2419"]
[BlackElo "2559"]
[PlyCount "78"]
[EventDate "2000.??.??"]

1. e4 e5 2. f4 exf4 3. Nf3 g5 4. h4 g4 5. Ne5 Nf6 6. Bc4 d5 7. exd5 Bd6 8. O-O
Bxe5 9. d4 Bd6 10. Bxf4 Bxf4 11. Rxf4 O-O 12. Nc3 Nh5 13. Rxg4+ Bxg4 14. Qxg4+
Ng7 15. Re1 Nd7 16. Qf4 Qf6 17. Qxf6 Nxf6 18. Nb5 Rfc8 19. Re7 Nf5 20. Re5 Nxh4
21. Re7 Nf5 22. Re5 Nd6 23. Bd3 Nxb5 24. Bxb5 a6 25. Bd3 Re8 26. c4 Kg7 27. Bf5
b5 28. b3 Rab8 29. Kh2 bxc4 30. bxc4 Rb4 31. Rxe8 Nxe8 32. Bd3 Ra4 33. a3 Rxa3
34. Be2 Nf6 35. Kg1 Re3 36. Kf2 Re4 37. g3 Ng4+ 38. Kf3 f5 39. Bd1 Rxd4 {
Valg resigns} 0-1

[Event "ICS rated blitz match"]
[Site "204.178.125.65"]
[Date "2000.09.20"]
[Round "?"]
[White "Hossa"]
[Black "Valg"]
[Result "1/2-1/2"]
[WhiteElo "2569"]
[BlackElo "2409"]
[PlyCount "271"]
[EventDate "2000.??.??"]

1. d4 Nf6 2. c4 e6 3. Nc3 Bb4 4. e3 O-O 5. Nge2 d5 6. a3 Be7 7. cxd5 exd5 8.
Ng3 Re8 9. Bd3 c5 10. O-O Nc6 11. dxc5 Bxc5 12. b4 Bb6 13. Rb1 d4 14. Na4 dxe3
15. Nxb6 exf2+ 16. Rxf2 Qxb6 17. h3 Qc7 18. Bf4 Ne5 19. Nh5 Nfd7 20. Ng3 Nb6
21. Qh5 g6 22. Qh6 Nd5 23. Bb5 Bd7 24. Nh5 gxh5 25. Bd3 f5 26. Qg5+ Kh8 27.
Bxf5 Nxf4 28. Qf6+ Kg8 29. Rxf4 Qd8 30. Qh6 Qb6+ 31. Qxb6 axb6 32. Bxd7 Nxd7
33. Rb3 Re1+ 34. Kf2 Rae8 35. Rd4 R8e2+ 36. Kg3 Nf6 37. Rd8+ Kf7 38. Rb8 Re7
39. Rf3 R1e2 40. Rf1 h4+ 41. Kh2 Ke6 42. Rf8 Nd5 43. R1f2 Rxf2 44. Rxf2 Ke5 45.
Kg1 Kd4 46. Rd2+ Ke4 47. Kf2 Rf7+ 48. Kg1 Ne3 49. Rd6 Rf1+ 50. Kh2 Rf2 51. Re6+
Kd4 52. Kh1 b5 53. Re7 b6 54. Rxh7 Nxg2 55. Rh6 Nf4 56. Rxh4 Rf1+ 57. Kh2 Rf3
58. Kg1 Ke4 59. Rh6 Rg3+ 60. Kf1 Rxh3 61. Rxb6 Ke3 62. Kg1 Rh5 63. Rb7 Rg5+ 64.
Kf1 Rd5 65. Ke1 Nd3+ 66. Kf1 Rf5+ 67. Kg1 Kd4 68. Rc7 Rf3 69. Kh2 Re3 70. Rc6
Kd5 71. Rc8 Kd6 72. Rb8 Kc6 73. Rf8 Ne5 74. Rf6+ Kd5 75. Ra6 Re2+ 76. Kg3 Kc4
77. Kf4 Kb3 78. Ra5 Nd3+ 79. Kf5 Kc4 80. Kg4 Ne5+ 81. Kh3 Re3+ 82. Kh4 Nd3 83.
Ra8 Kb3 84. Rb8 Kxa3 85. Rxb5 Nxb4 86. Ra5+ Kb3 87. Rc5 Re2 88. Kg3 Nd3 89.
Rb5+ Kc4 90. Rf5 Kd4 91. Rf1 Ke4 92. Rf6 Re3+ 93. Kg4 Ne5+ 94. Kh4 Ra3 95. Kg5
Rg3+ 96. Kh4 Rg1 97. Re6 Kf5 98. Re8 Ng6+ 99. Kh3 Kf4 100. Kh2 Rg4 101. Re1 Nh4
102. Kh3 Kg5 103. Re5+ Nf5 104. Rd5 Kf4 105. Rd2 Rg3+ 106. Kh2 Rf3 107. Re2 Ng3
108. Re7 Nf5 109. Re2 Nh4 110. Re6 Rf2+ 111. Kh3 Ra2 112. Rf6+ Nf5 113. Rf8 Rb2
114. Rf6 Ra2 115. Rf8 Rb2 116. Rf6 Rc2 117. Rf8 Ra2 118. Rf6 Rb2 119. Rf8 Rc2
120. Rf6 Rb2 121. Rf8 Re2 122. Rf6 Rc2 123. Rf8 Re2 124. Rf6 Rd2 125. Rf8 Rf2
126. Rf6 Kg5 127. Rf8 Rf3+ 128. Kh2 Kg4 129. Rg8+ Kf4 130. Rf8 Ke3 131. Re8+
Kf2 132. Rd8 Ne3 133. Rd2+ Kf1 134. Kh1 Ke1 135. Ra2 Kf1 136. Rd2 {
Game drawn by the 50 move rule} 1/2-1/2

[Event "ICS rated blitz match"]
[Site "204.178.125.65"]
[Date "2000.09.20"]
[Round "?"]
[White "Valg"]
[Black "Hossa"]
[Result "0-1"]
[WhiteElo "2416"]
[BlackElo "2562"]
[PlyCount "136"]
[EventDate "2000.??.??"]

1. e4 e5 2. Nf3 Nc6 3. Bb5 a6 4. Ba4 Nf6 5. O-O Be7 6. Re1 b5 7. Bb3 d6 8. c3
O-O 9. h3 Bb7 10. d4 Re8 11. Ng5 Rf8 12. dxe5 Nxe5 13. f4 Ng6 14. Qd4 Nd7 15.
Bd5 Bf6 16. Qd2 Bxg5 17. fxg5 Bxd5 18. Qxd5 Nc5 19. b4 Nd7 20. Rf1 Nge5 21. Be3
Nc4 22. Bf4 Nde5 23. Nd2 Re8 24. Nxc4 Nxc4 25. a3 Qd7 26. Rf2 a5 27. Raf1 c6
28. Qd4 Qe6 29. Bg3 Re7 30. Rd1 Qg6 31. Bxd6 Rxe4 32. Qc5 Rd8 33. Rfd2 Nxd2 34.
Rxd2 Re6 35. Bf4 Qb1+ 36. Kh2 Rxd2 37. Bxd2 Qd3 38. Bf4 a4 39. Qb6 Qd7 40. Kg3
Re2 41. Be3 Qe8 42. Kf4 Ra2 43. Bc1 Rxg2 44. Qd4 Qb8+ 45. Ke4 Qc8 46. Qe5 Rc2
47. Be3 g6 48. Kd4 Qe6 49. Qxe6 fxe6 50. Bf4 Rf2 51. Bd6 Rf5 52. Be7 e5+ 53.
Ke4 Kf7 54. Bd8 Ke6 55. Ke3 Rf4 56. Ke2 Rh4 57. Bb6 Rxh3 58. Kd2 Rh2+ 59. Kd3
Ra2 60. Be3 Rxa3 61. Bc1 Ra1 62. Bb2 Rg1 63. Ba3 Rxg5 64. Ke4 Rg3 65. Bb2 a3
66. Bxa3 Rxc3 67. Bb2 Rc4+ 68. Kd3 Rxb4 {Valg resigns} 0-1

[Event "ICS rated blitz match"]
[Site "204.178.125.65"]
[Date "2000.09.20"]
[Round "?"]
[White "Hossa"]
[Black "Valg"]
[Result "1/2-1/2"]
[WhiteElo "2572"]
[BlackElo "2406"]
[PlyCount "81"]
[EventDate "2000.??.??"]

1. e4 e5 2. Nf3 Nc6 3. Nc3 Bc5 4. Nxe5 Bxf2+ 5. Kxf2 Nxe5 6. d4 Nc6 7. Bf4 Nge7
8. Bg5 O-O 9. Bc4 h6 10. Bh4 d6 11. Rf1 Be6 12. Bb5 Qc8 13. Kg1 Ng6 14. Bg3 a6
15. Be2 Bd7 16. Bh5 Qe8 17. Nd5 Qd8 18. Bxg6 fxg6 19. Rxf8+ Kxf8 20. c3 Be6 21.
Nf4 Bf7 22. Qg4 Qg5 23. Ne6+ Bxe6 24. Qxe6 Qe3+ 25. Kh1 Qd3 26. Qd7 Kg8 27.
Qxc7 Rf8 28. Rg1 Rf7 29. Qc8+ Kh7 30. d5 Ne5 31. Bxe5 dxe5 32. Qe6 Rf2 33. Qb6
Qc2 34. b3 Rd2 35. Qxb7 Rxg2 36. Rxg2 Qd1+ 37. Rg1 Qf3+ 38. Rg2 Qd1+ 39. Rg1
Qf3+ 40. Rg2 Qd1+ 41. Rg1 {Game drawn by repetition} 1/2-1/2

[Event "ICS rated standard match"]
[Site "204.178.125.65"]
[Date "2000.09.20"]
[Round "?"]
[White "Hossa"]
[Black "BRAINDEADcz"]
[Result "1-0"]
[WhiteElo "2365"]
[BlackElo "1939"]
[PlyCount "45"]
[EventDate "2000.??.??"]

1. c4 d5 2. cxd5 Qxd5 3. Nc3 Qa5 4. e3 e5 5. Bc4 Nf6 6. Qb3 Qb6 7. Bxf7+ Ke7 8.
Qc4 Qc6 9. Nf3 Qxc4 10. Bxc4 Nc6 11. O-O Bd7 12. Ng5 Nd8 13. d4 h6 14. dxe5
hxg5 15. exf6+ gxf6 16. Nd5+ Kd6 17. Rd1 Kc5 18. b4+ Kxc4 19. Rd4+ Kb5 20.
Nxc7+ Kb6 21. Nxa8+ Kc6 22. b5+ Kxb5 23. Rxd7 {BRAINDEADcz resigns} 1-0

[Event "ICS rated standard match"]
[Site "204.178.125.65"]
[Date "2000.09.20"]
[Round "?"]
[White "BRAINDEADcz"]
[Black "Hossa"]
[Result "0-1"]
[WhiteElo "1936"]
[BlackElo "2368"]
[PlyCount "58"]
[EventDate "2000.??.??"]

1. e4 e5 2. Nf3 Nc6 3. Bc4 Bc5 4. d3 Nf6 5. Be3 Bxe3 6. fxe3 d6 7. h3 Na5 8.
Nbd2 Nxc4 9. Nxc4 Be6 10. Ncd2 c6 11. Nf1 Qb6 12. b3 O-O-O 13. Qd2 h5 14. a4
Qc7 15. Ng3 h4 16. Nf5 Bxf5 17. exf5 Nh5 18. O-O-O Ng3 19. Rhe1 d5 20. Qf2 e4
21. Nd4 Qd6 22. Kb2 Qf6 23. Ka2 g6 24. a5 c5 25. Nb5 Qa6 26. c4 exd3 27. Rxd3
dxc4 28. Rxd8+ Rxd8 29. Na3 Qxa5 {BRAINDEADcz resigns} 0-1

[Event "ICS rated blitz match"]
[Site "204.178.125.65"]
[Date "2000.09.20"]
[Round "?"]
[White "Dorky"]
[Black "Hossa"]
[Result "0-1"]
[WhiteElo "2464"]
[BlackElo "2565"]
[PlyCount "198"]
[EventDate "2000.??.??"]

1. e4 e5 2. Nf3 Nc6 3. Bb5 a6 4. Ba4 Nf6 5. O-O Be7 6. Re1 b5 7. Bb3 d6 8. c3
O-O 9. h3 Bb7 10. d3 a5 11. Na3 Ba6 12. d4 exd4 13. cxd4 a4 14. Bc2 d5 15. e5
Ne4 16. Bxe4 dxe4 17. Rxe4 Qd5 18. Re1 Bb4 19. Re3 Bc5 20. Nc2 b4 21. Re1 Be7
22. Bg5 Bxg5 23. Nxg5 b3 24. Ne3 Qxd4 25. axb3 Qxe5 26. Qd5 Bb5 27. bxa4 Rxa4
28. Rxa4 Bxa4 29. Qxe5 Nxe5 30. Nd5 Nd3 31. Re4 Bb3 32. Ne7+ Kh8 33. Nxh7 Rb8
34. Rh4 g6 35. Nc6 Ra8 36. Ng5+ Kg8 37. Rd4 Ra1+ 38. Kh2 Nxf2 39. Kg3 Nh1+ 40.
Kf4 Rb1 41. Rd2 Kg7 42. Nd4 Rf1+ 43. Ngf3 Bd1 44. b4 Kf6 45. h4 Bxf3 46. Nxf3
Rb1 47. Rd4 Rb3 48. Nd2 Rb2 49. g4 Nf2 50. g5+ Ke6 51. Kf3 Nd1 52. Ne4 Ke5 53.
Rxd1 Rb3+ 54. Ke2 Kxe4 55. Rc1 Rb2+ 56. Ke1 Rxb4 57. Rxc7 Ke3 58. Rc3+ Kf4 59.
Rc7 Kg4 60. Rxf7 Kxh4 61. Ke2 Kg4 62. Rg7 Rb2+ 63. Ke3 Rb3+ 64. Ke4 Kxg5 65.
Rg8 Rg3 66. Rf8 Kh4 67. Rh8+ Kg4 68. Rg8 g5 69. Rg7 Rg1 70. Ke3 Rf1 71. Ke2 Rf6
72. Ke3 Kh4 73. Ke4 g4 74. Rh7+ Kg3 75. Ke5 Rf4 76. Rh1 Rb4 77. Kf6 Kf3 78.
Rf1+ Kg2 79. Rd1 g3 80. Rd5 Kh3 81. Rh5+ Rh4 82. Rb5 g2 83. Rb3+ Kh2 84. Rb2
Kh1 85. Rb1+ g1=Q 86. Rxg1+ Kxg1 87. Ke7 Kf2 88. Ke6 Ke3 89. Kd5 Re4 90. Kc5
Rd4 91. Kc6 Kd3 92. Kb5 Rc4 93. Ka5 Kc3 94. Ka6 Rb4 95. Ka7 Kd4 96. Ka8 Kd5 97.
Ka7 Kc6 98. Ka8 Kc7 99. Ka7 Ra4# {Dorky checkmated} 0-1

[Event "ICS rated blitz match"]
[Site "204.178.125.65"]
[Date "2000.09.20"]
[Round "?"]
[White "counterplay"]
[Black "Hossa"]
[Result "1/2-1/2"]
[WhiteElo "2733"]
[BlackElo "2576"]
[PlyCount "132"]
[EventDate "2000.??.??"]

1. Nf3 Nf6 2. c4 e6 3. b3 Nc6 4. e3 e5 5. Nc3 h6 6. Bd3 Bc5 7. Ne4 d6 8. O-O
O-O 9. Nxc5 dxc5 10. Be2 e4 11. Ne1 Qd6 12. Ba3 Nb4 13. d4 cxd4 14. Qxd4 Qe7
15. Nc2 a5 16. Qc3 c5 17. Bb2 Nc6 18. Rfd1 Bd7 19. Qd2 Rfd8 20. Qd6 Qxd6 21.
Rxd6 Be6 22. Rxd8+ Rxd8 23. Rd1 Rxd1+ 24. Bxd1 Ne8 25. f4 Nd6 26. Be2 b6 27. g4
f6 28. Kf2 a4 29. f5 Bf7 30. Bc3 Na5 31. Na1 Nc6 32. Kg3 Kf8 33. Kf4 axb3 34.
axb3 Ne7 35. Kg3 h5 36. h3 Nc6 37. Bf1 Ke7 38. Bg2 Kd7 39. Kf4 b5 40. cxb5 Nxb5
41. Bd2 Nd6 42. Bxe4 Nxe4 43. Kxe4 hxg4 44. hxg4 Ne5 45. g5 Kd6 46. gxf6 gxf6
47. Bc3 Bd5+ 48. Kf4 Nd3+ 49. Kg4 Ke7 50. Kh5 Be4 51. Kg6 Ne5+ 52. Bxe5 fxe5
53. Kg5 Kf7 54. b4 cxb4 55. f6 Bd5 56. Kf5 e4 57. Ke5 Be6 58. Kxe4 Kxf6 59. Kd4
Kf7 60. e4 b3 61. Nxb3 Bxb3 62. Kc5 Bc2 63. e5 Bd1 64. e6+ Kg7 65. e7 Ba4 66.
e8=Q Bxe8 {Game drawn because neither player has mating material} 1/2-1/2

[Event "ICS rated standard match"]
[Site "204.178.125.65"]
[Date "2000.09.20"]
[Round "?"]
[White "Hossa"]
[Black "subgud"]
[Result "1-0"]
[WhiteElo "2370"]
[BlackElo "2010"]
[PlyCount "23"]
[EventDate "2000.??.??"]

1. e4 e5 2. Nf3 f5 3. Nxe5 Qf6 4. Nc4 fxe4 5. Nc3 Qg6 6. d3 exd3 7. Bxd3 Qxg2
8. Qh5+ g6 9. Qe5+ Ne7 10. Be4 d6 11. Qb5+ c6 12. Nxd6+ {subgud resigns} 1-0

[Event "ICS rated blitz match"]
[Site "204.178.125.65"]
[Date "2000.09.20"]
[Round "?"]
[White "Hossa"]
[Black "counterplay"]
[Result "0-1"]
[WhiteElo "2583"]
[BlackElo "2726"]
[PlyCount "56"]
[EventDate "2000.??.??"]

1. e4 c5 2. Nf3 g6 3. d4 cxd4 4. Nxd4 Bg7 5. c4 Nc6 6. Be3 Nf6 7. Nc3 d6 8. Be2
O-O 9. O-O Nd7 10. Nxc6 bxc6 11. Qc1 Qa5 12. Bh6 Bxh6 13. Qxh6 Rb8 14. Rab1 Ne5
15. Rfe1 Ba6 16. Rec1 Bxc4 17. Bxc4 Nxc4 18. b3 Ne5 19. Na4 f5 20. f3 fxe4 21.
fxe4 Qb4 22. Qe3 Ng4 23. Qxa7 Rb7 24. Qa6 Qd4+ 25. Kh1 Nf2+ 26. Kg1 Nh3+ 27.
Kh1 Qg1+ 28. Rxg1 Nf2# {Hossa checkmated} 0-1

[Event "ICS rated blitz match"]
[Site "204.178.125.65"]
[Date "2000.09.20"]
[Round "?"]
[White "brutus"]
[Black "Hossa"]
[Result "0-1"]
[WhiteElo "2289"]
[BlackElo "2573"]
[PlyCount "32"]
[EventDate "2000.??.??"]

1. e4 e5 2. Nf3 Nc6 3. Bb5 a6 4. Ba4 Nf6 5. Qe2 b5 6. Bb3 Bc5 7. c3 d6 8. d3 h6
9. O-O Bb7 10. Rd1 O-O 11. Nbd2 a5 12. a3 Qd7 13. Nf1 a4 14. Ba2 Bb6 15. Ng3
Qg4 16. h3 Qxg3 {brutus resigns} 0-1

[Event "ICS rated blitz match"]
[Site "204.178.125.65"]
[Date "2000.09.20"]
[Round "?"]
[White "Hossa"]
[Black "brutus"]
[Result "1-0"]
[WhiteElo "2578"]
[BlackElo "2284"]
[PlyCount "69"]
[EventDate "2000.??.??"]

1. d4 Nf6 2. c4 c5 3. d5 e6 4. Nc3 exd5 5. cxd5 d6 6. e4 g6 7. f4 Bg7 8. Bb5+
Nfd7 9. a4 O-O 10. Nf3 Na6 11. O-O Nc7 12. Bd3 b6 13. Be3 Ba6 14. Bxa6 Nxa6 15.
Qe2 Nb4 16. Ng5 h6 17. Nf3 Qe7 18. Rae1 Rae8 19. Kh1 Qd8 20. Qd2 f5 21. e5 dxe5
22. fxe5 Nxe5 23. Nxe5 Rxe5 24. Bxh6 Rfe8 25. Rd1 Qh4 26. Bf4 R5e7 27. Bg5 Qd4
28. Bxe7 Qxd2 29. Rxd2 Rxe7 30. d6 Rd7 31. g4 fxg4 32. Rg1 Bd4 33. Rxg4 Kh7 34.
Ne4 Nc6 35. Rxd4 {brutus resigns} 1-0

[Event "ICS Rated blitz match"]
[Site "204.178.125.65"]
[Date "2000.09.20"]
[Round "?"]
[White "brutus"]
[Black "Hossa"]
[Result "0-1"]
[WhiteElo "2279"]
[BlackElo "2583"]
[PlyCount "46"]
[EventDate "2000.??.??"]

1. e4 d5 2. exd5 Qxd5 3. Nc3 Qd6 4. d4 c6 5. Bc4 b5 6. Bb3 Nf6 7. Nge2 b4 8.
Bf4 Qd8 9. Na4 Nbd7 10. O-O e6 11. Qd3 Nd5 12. Bxd5 cxd5 13. c3 Qa5 14. b3 Ba6
15. Qe3 Bxe2 16. Qxe2 bxc3 17. Rac1 Rc8 18. Rc2 Bb4 19. Qg4 g6 20. Bh6 Rg8 21.
f4 Nf6 22. Qh4 Ne4 23. Re2 c2 {brutus resigns} 0-1